000
00306nam a22001337a 4500
008
170703b xxu||||| |||| 00| 0 eng d
020
_a
9780077239053
041
_a
eng
080
_a
821
100
_a
22
101
_a
GJL
245
_a
THE AMERICAN TRADITION IN LITERATURE
_c
PERKINS, G
942
_2
udc
_c
BK
999
_c
19857
_d
19857